The Village of Widows (Record no. 533634)

000 -LEADER
fixed length control field 00227nam a22001097a 4500
040 ## - CATALOGING SOURCE
Transcribing agency dlc
082 ## - DEWEY DECIMAL CLASSIFICATION NUMBER
Classification number 823.914
100 ## - MAIN ENTRY--PERSONAL NAME
Personal name Ravi Shankar Etteth
9 (RLIN) 27590
245 ## - TITLE STATEMENT
Title The Village of Widows
300 ## - PHYSICAL DESCRIPTION
Extent 355p
942 ## - ADDED ENTRY ELEMENTS (KOHA)
Source of classification or shelving scheme
Koha item type Book
Holdings
Withdrawn status Lost status Source of classification or shelving scheme Damaged status Not for loan Permanent Location Current Location Date acquired Total Checkouts Full call number Barcode Date last seen Price effective from Koha item type
          School of Civil and Environmental Engineering (SCEE) School of Civil and Environmental Engineering (SCEE) 01/15/2020   823.914 NIT-9231 01/15/2020 01/15/2020 Book
© 2023 Central Library, National University of Sciences and Technology. All Rights Reserved.